Представление документа в формате RUSMARC

ПолеНазваниеЗначение
  Тип записи a
  Библиографический уровень m
001 Контрольный номер RU/IS/BASE/453383740
005 Дата корректировки 20240209174520.2
010 Индекс ISBN __
a ISBN 5-85066-2
d Цена 10 р. 00 к.
9 Тираж 20 000 экз.
100 Данные общей обработки __
a Данные общей обработки 20140109d2014 ||| 0rusy0189 ca
101 Язык документа 0_
a Язык текста rus
102 Страна публикации __
a Страна публикации RU
105 Кодированные данные (монография) __
a Кодированные данные (монография) y###||||000|y
200 Заглавие и сведения об ответственности 1_
a Заглавие Басни
b Общее обозначение материала Текст
f Первые сведения об ответственности И. А. Крылов
g Последующие сведения об ответственности худож. А. Савченко
210 Выходные данные 1_
a Место издания Москва
c Издательство Самовар
d Дата издания 2005
215 Физическое описание __
a Объем 77, [2] с.
c Иллюстрации/тип воспроизводства ил.
d Формат 22 см.
225 Серия 0_
a Серия Школьная библиотека
300 Общие примечания __
a Общие примечания Ограничения по возрасту - 6+
606 Тематические рубрики 0_
a Основная рубрика Русская детская литература, 18-19 вв. - Басни
610 Ключевые слова 0_
a Ключевые слова басни
a Ключевые слова классика
a Ключевые слова животные
a Ключевые слова мудрость
a Ключевые слова лукавство
686 Индексы других классификаций __
a Классификационный индекс 84(2Рос=Рус)1
2 Код системы ББК
700 Автор _0
a Фамилия Крылов
b Имя (инициалы) Иван Андреевич
g Полное личное имя И. А.
801 Источник записи _0
a Страна RU
b Организация МБУК ЦБС г. Ульяновска
c Дата составления 20140109
g Правила каталогизации RCR
801 Источник записи _1
a Страна RU
b Организация МБУК ЦБС г. Ульяновска
c Дата составления 20140109
g Правила каталогизации RCR
899 Данные о местонахождении __
i Авторский знак К 85
j Расстановочный фильтр Р1
901 Тип документа __
t Тип документа m
910 Корректоры записи __
a Корректор записи Плотникова